| 000 | 00827cab a2200205 4500 | ||
|---|---|---|---|
| 001 | ABS37732 | ||
| 008 | 090401t1987 xxu||||| |||| 00| 0 eng d | ||
| 035 | _a(Sirsi) u6488 | ||
| 041 | _aeng | ||
| 100 | _aEdmonds, J. | ||
| 245 | _aTime-sharing - self regulation | ||
| 260 | _c1987 | ||
| 350 | _a0 | ||
| 490 |
_aLaw Society`s Gazette _v84(13) 1 April 1987, 961-962 |
||
| 520 | _aThe Financial Services Act 1986 provides for the establishment of a self-regulatory organisation for the timeshare industry. In this two-part article , the author examines self-regulation and the implications of the Act for timesharing . Pays particular attention to the timeshare structure scheme and the marketing of timeshares. | ||
| 650 | _aOVERSEAS PROPERTY | ||
| 690 | _aPROPERTY LAW AND PRACTICE | ||
| 942 | _n0 | ||
| 948 | _c04/03/1997 | ||
| 999 |
_c3891 _d3891 |
||